<The> regional dimension of unemployment in transition countries <a> challenge for labour market and social policies
Gespeichert in:
| Format: | Buch |
|---|---|
| Sprache: | Englisch Französisch |
| Veröffentlicht: |
Paris
OECD
1995
|
| Schlagworte: | |
| Tags: |
Keine Tags, Fügen Sie das erste Tag hinzu!
|
MARC
| LEADER | 00000nam$a2200000$$$4500 | ||
|---|---|---|---|
| 001 | 0113153 | ||
| 005 | 20240104115120.6 | ||
| 020 | |a 92-64-04443-4 | ||
| 041 | 0 | |a eng | |
| 041 | 0 | |a fre | |
| 044 | |a FR | ||
| 245 | 1 | 0 | |a <The> regional dimension of unemployment in transition countries |b <a> challenge for labour market and social policies |
| 264 | 1 | |a Paris |b OECD |c 1995 | |
| 300 | |a 533 s. | ||
| 610 | 2 | 0 | |a trh práce |
| 610 | 2 | 0 | |a nezamestnanosť |
| 610 | 2 | 0 | |a politika sociálna |
| 610 | 2 | 0 | |a politika regionálna |
| 610 | 2 | 0 | |a krajiny tranzitívne |